Представление документа в формате RUSMARC

ПолеНазваниеЗначение
  Тип записи a
  Библиографический уровень m
001 Контрольный номер RU/IS/BASE/299604358
005 Дата корректировки 20201206204439.4
010 Индекс ISBN __
d Цена 1-80
101 Язык документа __
a Язык текста rus
c Язык оригинала rus
200 Заглавие и сведения об ответственности 1_
a Заглавие Люди не ангелы
e Сведения, относящиеся к заглавию роман
f Первые сведения об ответственности И. Ф. Стаднюк ; вступ. ст. О. Михайлова
b Общее обозначение материала Текст
210 Выходные данные __
a Место издания М.
c Издательство Худож. лит.
d Дата издания 1979
215 Физическое описание __
a Объем 437 с.
330 Аннотация __
a Аннотация Посвящен судьбам людей разных поколений живущих в условиях революционного преобразования украинского села в 30-е годы, годы войны и послевоенное время.
461 Уровень набора __
1 2001
a Избранные произведения
v Т. 1
606 Тематические рубрики __
a Основная рубрика Художественная литература
z Хронологическая подрубрика 20 в.
y Географическая подрубрика Россия; РФ
606 Тематические рубрики __
a Основная рубрика Русская литература XX в. (произведения)
610 Ключевые слова __
a Ключевые слова романы; проза; исторические романы; тема революции; тема деревни; тема войны; тема личности
686 Индексы других классификаций __
a Классификационный индекс 84(2Рос=Рус)6-4
700 Автор _1
a Фамилия Стаднюк
b Имя И. Ф.
4 Код отношения 070
801 Источник записи _0
a Страна RU
b Организация Муниципальное бюджетное учреждение культуры "Централизованная библиотечная система" г. Сургут (Центральная городская библиотека им. А. С. Пушкина)
g Правила каталогизации КиК/Елгина
801 Источник записи _1
a Страна RU
b Организация Муниципальное бюджетное учреждение культуры "Централизованная библиотечная система" г. Сургут (Центральная городская библиотека им. А. С. Пушкина)
g Правила каталогизации КиК/Елгина
852 Данные о местонахождении __
j Шифр хранения 84(2Рос=Рус)6-4
c Каталожный индекс 84(2Рос=Рус)6-4
i Авторский знак С 76
p Инвентарный номер 138354(c)
901 Тип документа __
t Тип документа m
903 Характеристики (МАРС) __
a Дата передачи 20061130
990 Данные о заказе (DOS) __
j Количество экземпляров (DOS) 1